Online
Catalog

Trinidad : (Record no. 7095)

MARC details
000 -CABECERA
campo de control de longitud fija 01232cam a2200277 a 4500
001 - NÚMERO DE CONTROL
campo de control 000007314
005 - FECHA Y HORA DE LA ÚLTIMA TRANSACCIÓN
campo de control 20200929154129.0
008 - DATOS DE LONGITUD FIJA--INFORMACIÓN GENERAL
campo de control de longitud fija 930507s1992 ve a b 001 0dspa
020 ## - NÚMERO INTERNACIONAL ESTÁNDAR DEL LIBRO
Número Internacional Estándar del Libro 9802594989
040 ## - FUENTE DE LA CATALOGACIÓN
Centro catalogador/agencia de origen DO-SdBNP
Centro/agencia transcriptor DLC
Centro/agencia modificador DLC
082 ## - NÚMERO DE LA CLASIFICACIÓN DECIMAL DEWEY
Número de clasificación 917.72983
Número de documento/Ítem G643t
100 1# - ENTRADA PRINCIPAL--NOMBRE DE PERSONA
Nombre de persona González-Ripoll Navarro, Ma. Dolores.
9 (RLIN) 20329
245 10 - MENCIÓN DE TÍTULO
Título Trinidad :
Resto del título la otra llave de América : descripción de la isla de Trinidad por Cosme de Churruca y la expedición del Atlas de la América Septentrional, 1792/1810 /
Mención de responsabilidad, etc. Ma. Dolores González-Ripoll Navarro.
260 ## - PUBLICACIÓN, DISTRIBUCIÓN, ETC.
Lugar de publicación, distribución, etc. Caracas :
Nombre del editor, distribuidor, etc. Lagoven,
Fecha de publicación, distribución, etc. 1992.
300 ## - DESCRIPCIÓN FÍSICA
Extensión 103 p. :
Otras características físicas il. ;
Dimensiones 21 cm.
490 1# - MENCIÓN DE SERIE
Mención de serie Cuadernos Lagoven.
-- Medio milenio
500 ## - NOTA GENERAL
Nota general "Descripción de la isla y golfo de Trinidad": p. 62-96.
504 ## - NOTA DE BIBLIOGRAFÍA, ETC.
Nota de bibliografía, etc. Bibliografías: p. 100
600 10 - PUNTO DE ACCESO ADICIONAL DE MATERIA--NOMBRE DE PERSONA
Nombre de persona CHURRUCA Y ELORZA, COSME DAMIAN DE,
Fechas asociadas al nombre 1761-1805
9 (RLIN) 20330
651 #4 - PUNTO DE ACCESO ADICIONAL DE MATERIA--NOMBRE GEOGRÁFICO
Nombre geográfico Trinidad
Subdivisión general Descripciones Y Viajes
9 (RLIN) 20331
650 #4 - PUNTO DE ACCESO ADICIONAL DE MATERIA--TÉRMINO DE MATERIA
Término de materia o nombre geográfico como elemento de entrada Cartografia
Subdivisión general Historia
9 (RLIN) 20332
650 #4 - PUNTO DE ACCESO ADICIONAL DE MATERIA--TÉRMINO DE MATERIA
Término de materia o nombre geográfico como elemento de entrada Antillas francesas
Subdivisión cronológica SIGLO XVIII
9 (RLIN) 20333
700 12 - PUNTO DE ACCESO ADICIONAL--NOMBRE DE PERSONA
Nombre de persona Churruca y Elorza, Cosme Damian de,
Fechas asociadas al nombre 1761-1805.
Título de la obra Descripción de la isla y golfo de Trinidad.
Fecha de publicación/de la obra 1992.
9 (RLIN) 20334
830 #0 - PUNTO DE ACCESO ADICIONAL DE SERIE-TÍTULO UNIFORME
Título uniforme Cuadernos Lagoven,
Nombre de parte o sección de la obra Medio milenio
9 (RLIN) 6272
910 ## - DATOS DE OPCIÓN DEL USUARIO (OCLC)
Datos de opción del usuario Catalogación por copia / LC
Holdings
Estado de retiro Estado de pérdida Restricciones de uso No para préstamo Código de colección Localización permanente Ubicación/localización actual Ubicación en estantería Fecha de adquisición Número de inventario Total de préstamos Signatura topográfica completa Código de barras Fecha visto por última vez Precio válido a partir de Tipo de ítem Koha
    Préstamo interno   Monografías: Libros y Folletos General General En catalogación 07.09.2009 LF1   917.72983 G643t 7314-10 25.06.2020 25.06.2020 Préstamo interno

Powered by Koha